Paul Ricoeur: los sentidos de una vida, 1913-2005

Kaydedildi:
Detaylı Bibliyografya
Yazar: Dosse, Francois (Yazar)
Materyal Türü: Kitap
Dil:İspanyolca
Baskı/Yayın Bilgisi: Buenos Aires Fondo de Cultura Económica 2013
Edisyon:1a. ed
Seri Bilgileri:Filosofía
Konular:
Etiketler: Etiketle
Etiket eklenmemiş, İlk siz ekleyin!

MARC

LEADER 00000cam a2200000 a 4500
001 UCE0506
003 CL-VaPUC
008 140124e20130000ag |||||||||||||||||spa|d
020 |a 9789505579778 
082 0 4 |a 921.4  |b DOS  |2 21 
100 |a Dosse, Francois  |e author  |9 597171 
245 1 0 |a Paul Ricoeur: los sentidos de una vida, 1913-2005 
250 |a 1a. ed 
300 |a 768 p 
942 |c BK 
945 |d 20140124 15:34:00  |a dcastane 
260 |a Buenos Aires  |b Fondo de Cultura Económica  |c 2013 
600 0 7 |a RICOEUR, PAUL  |2 CL-VaPUC  |9 446 
650 0 |a Filosofía francesa   |9 255698 
650 0 |a Biografías  |9 255210 
650 0 |a Filósofos franceses  |9 314621 
583 |a last modification  |c 20140124 15:34:00  |k Rodrigo Vera 
490 0 |a Filosofía 
999 |c 354611  |d 354609 
952 |0 0  |1 0  |3 erb  |4 0  |6 921_400000000000000_DOS_2013  |7 0  |8 A  |9 460576  |a BIBEDU  |b BIBEDU  |i 5052742  |o 921.4 DOS 2013  |p 5052742  |r 2019-11-23  |w 2019-11-23  |y BK  |z Catalogado en:20140124  |k FIL